|
|
|
|
| LEADER |
00000nam a2200000 i 4500 |
| 001 |
DIGEPUJ0221 |
| 003 |
NyNyDIG |
| 006 |
m o d |
| 008 |
200713s2013 ck a ob 000 0 spa d |
| 007 |
cr ||||||||||| |
| 035 |
|
|
|a (OCoLC)1184461456
|
| 040 |
|
|
|a DGITA
|b eng
|e rda
|e pn
|c DGITA
|
| 020 |
|
|
|z 9789588347936
|
| 020 |
|
|
|z 9588347939
|
| 050 |
1 |
4 |
|a PA3973.T83 ebook
|
| 082 |
0 |
4 |
|a 882.01
|
| 100 |
1 |
|
|a López Velásquez, Luz Adriana,
|e author.
|
| 245 |
1 |
0 |
|a Poética del personaje trágico /
|c Luz Adriana López Velásquez.
|
| 264 |
|
1 |
|a Cali, Colombia :
|b Pontificia Universidad Javeriana,
|c [2013]
|
| 300 |
|
|
|a 1 online resource :
|b illustrations.
|
| 336 |
|
|
|a text
|b txt
|2 rdacontent
|
| 337 |
|
|
|a computer
|b c
|2 rdamedia
|
| 338 |
|
|
|a online resource
|b cr
|2 rdacarrier
|
| 347 |
|
|
|a text file
|2 rdaft
|
| 347 |
|
|
|b PDF
|
| 504 |
|
|
|a Includes bibliographical references.
|
| 588 |
0 |
|
|a Online resource; title from PDF title page (Digitalia, viewed July 13, 2020)
|
| 600 |
0 |
0 |
|a Euripides.
|t Trojan women.
|
| 600 |
0 |
0 |
|a Euripides
|x Characters
|x Women.
|
| 650 |
|
0 |
|a Greek drama (Tragedy)
|x History and criticism.
|
| 655 |
|
0 |
|a Electronic books.
|
| 791 |
2 |
|
|a Digitalia (Firm),
|e distributor.
|
| 793 |
0 |
|
|g Digitalia eBook Collection:
|a Pontificia Universidad Javeriana
|
| 776 |
0 |
8 |
|i Print version:
|a López Velásquez, Luz Adriana.
|t Poética del personaje trágico.
|b Primera edición.
|d Cali : Pontificia Universidad Javeriana, 2013
|z 9789588347936
|w (DLC) 2015387130
|w (OCoLC)887756986
|
| 856 |
4 |
0 |
|3 Digitalia Hispánica
|u https://www.digitaliapublishing.com/a/62808/
|
| 910 |
|
|
|a Premium collection: 2020
|